000 00716nam a22002177a 4500
003 koha_MIRAKIL
005 20260105095231.0
008 260105b tur||||| |||| 00| 0 tur d
020 _a9786050975826
040 _aTR-IsEVY
_btur
_cTR-IsEVY
082 _aFIC KOZ/D
100 1 _aKozikoğlu, Tülin
245 0 _aDönme dolap /
_cTülin Kozikoğlu ; resimleyen Hüseyin Sönmezay.
250 _a4. bs.
260 _aİstanbul :
_bDoğan Çocuk Yayınarı,
_c2022.
300 _a38 s. :
_brenkli resimli ;
_c24X28 cm.
650 _aÇocuk Edebiyatı.
_vResimli Kitaplar.
_vSavaş.
_vGöç.
_vEmpati.
700 1 _aSönmezay, Hüseyin.
_cresimleyen.
700 1 _aÖzatalay, Zeynep.
_cresimleyen.
942 _2ddc
_cBK
999 _c23167
_d23167